000 00672nam a2200193Ia 4500
008 090124s9999 xx 000 0 und d
082 _b119270
100 _aओल्गा लेंग्येल
245 _a वैऱ्याची एक रात्र
250 _a1
260 _c1982
300 _a260
600 _aओल्गा लेंग्येल
630 _a वैऱ्याची एक रात्र
700 _aओल्गा लेंग्येल
700 _aकुलकर्णी जी.ए.(गुरुनाथ आबाजी )
730 _a वैऱ्याची एक रात्र
942 _cBOOK
999 _c165356
_d165356